LEADER 01242nam a2200277 u 4500 001 000000006281 003 CaOOAMICUS 005 20070226104845.0 008 940606s1981 onc u000 u eng u 035 $a10161212 040 $aPUL(R)$bita 100 1 $aBerkhout, Carl T.,$dn. 1944.$0(OLS)http://pul/name/6414 245 10$aMedieval heresies :$ba bibliography, 1960-1979 /$cby Carl T. Berkhout and Jeffrey B. Russel. 260 $aToronto :$bPontifical Institute of Medieval Studies,$c1981. 300 $axv, 201 p. ;$c24 cm 490 1 $aSubsidia mediaevalia ;$v11 650 0$aHeresies and heretics.$2//eng$0(OLS)http://pul/subject/2621 650 0$aChurch history.$0(OLS)http://pul/subject/5223 700 1 $aRussell, Jeffrey Burton,$d1934-$0(OLS)http://pul/name/6415 830 0$aSubsidia mediaevalia ;$v11.$0(OLS)http://pul/title/9258 850 $aPUL 852 $aPUL$W1$xDP2 Religione 1$y63$m73 A 12$j8922$nBK-PRI$qStampati$B8922$CPULBib$Z2$F8922 $H49566 $82 941 1 $a8 961 $aINV: 49566 996 $6245$aMedieval heresies :$ba bibliography, 1960-1979$9(OLS)http://pul/title/9257 996 $6260$aToronto :$bPontifical Institute of Medieval Studies$9(OLS)http://pul/publisher/49211 LEADER 01455nam a2200289 u 4500 001 000000110672 003 CaOOAMICUS 005 20080314122514.0 008 080314s2007 it u000 u ita u 020 $z978-88-217-2630-9* 040 $aPUL(R)$bita$dBc 100 1 $aDi Meo, Antonio.$0(OLS)http://pul/name/67860 245 13$aIl credito documentario :$ble NUU 600 e la nuova prassi bancaria internazionale uniforme /$cAntonio Di Meo. 260 $a[s.l.] :$bIpsoa ; Fortis,$c2007. 300 $axx, 412 p. ;$c24 cm.+$eCd Rom. 490 1 $aManuali operativi 650 4$aCredito.$0(OLS)http://pul/subject/14360 650 4$aBanche e gestione bancaria.$0(OLS)http://pul/subject/6724 830 0$aManuali operativi.$0(OLS)http://pul/title/139184 850 $aPUL 852 $aPUL$W1$xSL Diritto e Scienze Sociali 3$y79$m332 DIMAN 1$j126794$qDDC 21$B125516$CPULBib$Z2$F125516 $H106782 $82 852 $aPUL$W1$xSL Diritto e Scienze Sociali 3$y79$m332 DIMAN 1CD$j126799$aCD Rom$qDDC 21$B125518$CPULBib$Z2$F125518 $H106781 $82 941 1 $a9 961 $aCd Rom allegato al volume con segnatura 332 DIMAN 1 996 $6020$z978-88-217-2630-9*$9(OLS)http://pul/number/137531 996 $6245$aIl credito documentario :$ble NUU 600 e la nuova prassi bancaria internazionale uniforme$9(OLS)http://pul/title/139181 996 $6260$a[s.l.] :$bIpsoa ; Fortis$9(OLS)http://pul/publisher/79809